Творческая жизнь Бориса Чичибабина (Запись № 11352694)

Подробности
000 -МАРКЕР
контрольное поле 01383nam0a2200325 i 4500
001 - ИДЕНТИФИКАТОР ЗАПИСИ
контрольное поле RU\NLR\BIBL_A\011989936
005 - ИДЕНТИФИКАТОР ВЕРСИИ
контрольное поле 20260406065810.0
010 ## - МЕЖДУНАРОДНЫЙ СТАНДАРТНЫЙ НОМЕР КНИГИ (ISBN)
Номер (ISBN) 9785946682183
Тираж 300
035 ## - ДРУГИЕ СИСТЕМНЫЕ НОМЕРА
Идентификатор записи (NLR Aleph) 011989936
100 ## - ДАННЫЕ ОБЩЕЙ ОБРАБОТКИ
Данные общей обработки 20190415d2016 k y0rusy50 ca
101 0# - ЯЗЫК РЕСУРСА
Язык текста, звукозаписи и т.д. русский
102 ## - СТРАНА ПУБЛИКАЦИИ ИЛИ ПРОИЗВОДСТВА
Страна публикации Российская Федерация
105 ## - ПОЛЕ КОДИРОВАННЫХ ДАННЫХ: ТЕКСТОВЫЕ МАТЕРИАЛЫ, МОНОГРАФИЧЕСКИЕ
Кодированные данные о монографическом текстовом документе ac z 000zd
200 1# - ЗАГЛАВИЕ И СВЕДЕНИЯ ОБ ОТВЕТСТВЕННОСТИ
Основное заглавие Творческая жизнь Бориса Чичибабина
Первые сведения об ответственности Б. Ф. Егоров
210 ## - ПУБЛИКАЦИЯ, РАСПРОСТРАНЕНИЕ И ДР.
Место издания, распространения и т.д. Санкт-Петербург
Имя издателя, распространителя и т. д. Росток
Дата издания, распространения и т.д. 2016
215 ## - ФИЗИЧЕСКАЯ ХАРАКТЕРИСТИКА
Специфическое обозначение материала и объем 191 с.
Другие сведения о физической характеристике ил., портр.
Размеры 21
316 ## - ПРИМЕЧАНИЯ ОБ ОСОБЕННОСТЯХ ЭКЗЕМПЛЯРА
Текст примечания С автогр. авт.
Организация и экземпляр, к которому относится поле NLR
320 ## - ПРИМЕЧАНИЯ О НАЛИЧИИ В ДОКУМЕНТЕ БИБЛИОГРАФИИ / УКАЗАТЕЛЯ
Текст примечания Библиогр. в тексте
327 1# - ПРИМЕЧАНИЯ О СОДЕРЖАНИИ
Текст примечания В кн. также Избранные стихотворения Б. Чичибабина
600 #1 - ИМЯ ЛИЦА КАК ПРЕДМЕТ
Начальный элемент ввода Чичибабин
Часть имени, кроме начального элемента ввода Б. А.
Даты 1923 - 1994
Расширение инициалов личного имени Борис Алексеевич
Системный номер авторитетной/нормативной записи 2177595
Идентификатор авторитетной/нормативной записи RU\NLR\AUTH\661309656
686 1# - ИНДЕКСЫ ДРУГИХ КЛАССИФИКАЦИЙ
Индекс Ш5(2=Р)7-4Чичибабин
686 2# - ИНДЕКСЫ ДРУГИХ КЛАССИФИКАЦИЙ
Индекс Ш6(2=Р)7-5
700 #1 - ИМЯ ЛИЦА - ПЕРВИЧНАЯ ОТВЕТСТВЕННОСТЬ
Материалы, к которым относится поле rus
Графика поля Кириллица
Начальный элемент ввода Егоров
Часть имени, кроме начального элемента ввода Б. Ф.
Дополнения к именам, кроме дат д-р филол. наук, литературовед
Даты 1926-2020
Расширение инициалов личного имени Борис Федорович
Идентификатор авторитетной/нормативной записи RU\NLR\AUTH\7725972
Системный номер авторитетной/нормативной записи 9017
702 #1 - ИМЯ ЛИЦА - ВТОРИЧНАЯ ОТВЕТСТВЕННОСТЬ
Код отношения Прочие
Материалы, к которым относится поле rus
Графика поля Кириллица
Начальный элемент ввода Чичибабин
Часть имени, кроме начального элемента ввода Б. А.
Даты 1923-1994
Расширение инициалов личного имени Борис Алексеевич
Идентификатор авторитетной/нормативной записи RU\NLR\AUTH\7710162
Системный номер авторитетной/нормативной записи 119945
942 ## - ДОПОЛНИТЕЛЬНЫЕ ЭЛЕМЕНТЫ ЗАПИСИ (АБИС)
Тип экземпляра АБИС Книга
980 ## - КОЛЛЕКЦИЯ
Название коллекции НБР

Нет доступных экземпляров.